Gončarov

Bibliographic Details
Main Author: Mel'nik, Vladimir Ivanovič (Author)
Format: Book
Language:Russian
PhysicalDescription:430 s., [16] s. obr. príl. 21 cm
Published: Moskva Veče 2012
ISBN:9785953350792
Subjects:

MARC

LEADER 00000nam a2200000 a 4500
001 vtls010533964
003 SK-MaSNL
005 20260301034126.0
008 240314s2012 ru o g h 000 0brus
020 |a 9785953350792  |q (viaz.) 
040 |a SNK  |b slo  |c SNK  |e AACR2 
041 0 |a rus 
044 |a ru  |c RU 
072 7 |a 821.161.1  |x Ruská literatúra  |2 konspekt 
072 7 |a 929  |x Biografie  |2 konspekt 
080 |a 821.161.1-051  |2 2001 
080 |a 821.161.1  |2 2001 
080 |a (092)  |2 2001 
100 1 |a Mel'nik, Vladimir Ivanovič  |4 aut  |9 334436 
245 1 0 |a Gončarov  |c Vladimir Mel'nik 
260 |a Moskva  |b Veče  |c 2012 
300 |a 430 s., [16] s. obr. príl.  |c 21 cm 
600 1 7 |a Gončarov, Ivan Aleksandrovič,  |d 1812-1891  |2 SNKMA  |9 123110 
648 7 |a 19. stor.  |2 SNKPH  |9 278793 
648 7 |a 19th century  |2 SNKPHeng  |9 306372 
650 0 7 |a ruskí spisovatelia  |2 SNKPH  |9 3768 
650 0 7 |a ruská literatúra  |2 SNKPH  |9 1204 
650 0 7 |a Russian writers  |2 SNKPHeng  |9 292502 
650 0 7 |a Russian literature  |2 SNKPHeng  |9 270202 
655 7 |a biografie  |2 SNKPH  |9 27965 
655 7 |a Biography  |2 SNKPHeng  |9 266314 
919 |a 978-5-9533-5079-2 
999 |c 581302  |d 583232 
952 |a SNK  |b SNK  |y VYP  |7 0  |p 17A1081916  |o snkIC 140749  |i snk2013/20115  |8 2  |g 10.00  |0 0  |1 0  |4 0  |d 2013-08-09  |l 0  |r 2026-02-23 14:51:08  |w 2026-02-23